[Event "Lichtenrader Herbst 2012"]
[Site "Berlin - Lichtenrade"]
[Date "2012.10.05"]
[Round "7.3"]
[White "Rabiega, Robert"]
[Black "Gruzmann, Boris"]
[Result "0-1"]
[WhiteElo "2515"]
[BlackElo "2303"]
[PlyCount "108"]
[EventDate "2012.??.??"]
[WhiteTeam "SK König Tegel 1949 e.V."]
[BlackTeam "Lasker Steglitz-Wilmersd. SG"]

1. e4 e5 2. Nf3 Nc6 3. d4 exd4 4. Nxd4 Nf6 5. Nxc6 bxc6 6. e5 Qe7 7. Qe2 Nd5 8.
c4 Ba6 9. g3 O-O-O 10. b3 Re8 11. Bb2 f6 12. Qd2 Nb6 13. Bg2 fxe5 14. O-O Bb7
15. Re1 Qf6 16. Qa5 Kb8 17. Nc3 Qd6 18. a3 Qc5 19. Qxc5 Bxc5 20. Ne4 Bd4 21.
Bxd4 exd4 22. Red1 c5 23. Nxc5 Bxg2 24. Kxg2 d6 25. Nd3 c5 26. b4 Na4 27. Re1
Kc7 28. Rac1 Rxe1 29. Rxe1 Kd7 30. bxc5 Nxc5 31. Nf4 Rb8 32. Nd5 Ne6 33. a4 Rb2
34. h4 Ra2 35. h5 h6 36. Rc1 Rxa4 37. f4 d3 38. Ne3 Ra2+ 39. Kf3 a5 40. Rd1 Nc5
41. g4 a4 42. g5 a3 43. f5 hxg5 44. f6 gxf6 45. Nd5 f5 46. Rh1 Rb2 47. h6 Rb8
48. Ra1 Rh8 49. Rxa3 Rxh6 50. Ra7+ Ke8 51. Ra8+ Kf7 52. Ra7+ Kg6 53. Ne7+ Kh5
54. Nxf5 Rf6 0-1

[Event "Lichtenrader Herbst 2012"]
[Site "Berlin - Lichtenrade"]
[Date "2012.10.05"]
[Round "7.4"]
[White "Stachanczyk, Jacek"]
[Black "Stern, Rene"]
[Result "1/2-1/2"]
[WhiteElo "2247"]
[BlackElo "2517"]
[PlyCount "90"]
[EventDate "2012.??.??"]
[BlackTeam "SK König Tegel 1949 e.V."]

1. e4 e5 2. Nf3 Nc6 3. Bb5 a6 4. Ba4 Nf6 5. O-O Be7 6. Bxc6 dxc6 7. d3 Nd7 8.
Nbd2 f6 9. b3 O-O 10. Bb2 c5 11. Nh4 g6 12. g3 Nb8 13. f4 exf4 14. gxf4 f5 15.
Ng2 Nc6 16. Ne3 Be6 17. e5 Qd7 18. Nf3 Nd4 19. Qd2 Rad8 20. Rad1 Qc6 21. Qg2
Rd7 22. Rf2 Rfd8 23. h3 b5 24. Kh2 Nxf3+ 25. Qxf3 Qxf3 26. Rxf3 c4 27. bxc4
bxc4 28. d4 Rb8 29. Bc3 c6 30. Kg3 Kf7 31. Rff1 Bd5 32. Rb1 Rdb7 33. Rxb7 Rxb7
34. Nxd5 cxd5 35. Kf3 Ke6 36. Ke3 Kd7 37. Rg1 Kc6 38. Rf1 a5 39. a4 Bb4 40. Kd2
Kd7 41. Rg1 Bxc3+ 42. Kxc3 Rb4 43. Ra1 Ke6 44. h4 Kf7 45. Kd2 h5 1/2-1/2

[Event "Lichtenrader Herbst 2012"]
[Site "Berlin - Lichtenrade"]
[Date "2012.10.05"]
[Round "7.6"]
[White "Bandow, Alexander"]
[Black "Kalinitschew, Sergey"]
[Result "0-1"]
[WhiteElo "2044"]
[BlackElo "2469"]
[PlyCount "82"]
[EventDate "2012.??.??"]
[WhiteTeam "Schwarz-Weiß Neukölln e.V."]
[BlackTeam "SC Kreuzberg e.V."]

1. c4 c5 2. Nc3 g6 3. g3 Bg7 4. Bg2 Nc6 5. e3 Bxc3 6. dxc3 d6 7. Ne2 e5 8. e4
Be6 9. b3 Qd7 10. h3 f6 11. Be3 Nge7 12. Qd2 a6 13. O-O-O O-O-O 14. f4 Rhf8 15.
Qc2 Qc7 16. g4 b5 17. f5 Bg8 18. cxb5 axb5 19. Rhf1 g5 20. h4 h6 21. Rh1 b4 22.
c4 Nd4 23. Bxd4 exd4 24. hxg5 hxg5 25. e5 dxe5 26. Qe4 Nd5 27. Rh8 Ne3 28. Qa8+
Kd7 29. Qa4+ Ke7 30. Rdh1 Bf7 31. Rxf8 Kxf8 32. Qa6 Qe7 33. Ng3 Nxg2 34. Ne4
Nh4 35. Qb6 Kg7 36. Rxh4 gxh4 37. g5 Kh8 38. gxf6 Qd7 39. Ng5 Rg8 40. Qxc5 Rxg5
41. Qf8+ Kh7 0-1

[Event "Lichtenrader Herbst 2012"]
[Site "Berlin - Lichtenrade"]
[Date "2012.10.05"]
[Round "7.7"]
[White "Reichenbach, Werner"]
[Black "Wendt, Jan-Dietrich"]
[Result "0-1"]
[WhiteElo "2280"]
[BlackElo "2362"]
[PlyCount "70"]
[EventDate "2012.??.??"]
[WhiteTeam "SC Oberkrämer"]
[BlackTeam "Sfrd. Berlin 1903 e.V."]

1. e4 c5 2. Nf3 e6 3. c3 Nf6 4. e5 Nd5 5. Bc4 d6 6. d4 cxd4 7. cxd4 Nc6 8. O-O
Be7 9. Qe2 O-O 10. Rd1 Bd7 11. Bd2 Rc8 12. Nc3 Nb6 13. Bb3 d5 14. Bc2 Nb4 15.
Bb1 Nc4 16. Bc1 a6 17. a3 Nc6 18. h4 Bxh4 19. g3 Be7 20. Kg2 f5 21. exf6 Bxf6
22. Rh1 g6 23. Qd3 Rf7 24. b3 Nd6 25. Bf4 Nf5 26. Ne2 Nfxd4 27. Nexd4 Nxd4 28.
Ne5 Bxe5 29. Bxe5 Nf5 30. Bd4 Nxd4 31. Qxd4 Qf6 32. Qxf6 Rxf6 33. Re1 Rc3 34.
b4 Bb5 35. f4 Bc4 0-1

[Event "Lichtenrader Herbst 2012"]
[Site "Berlin - Lichtenrade"]
[Date "2012.10.05"]
[Round "7.8"]
[White "Bruedigam, Martin"]
[Black "Jahnz, Fabian"]
[Result "1-0"]
[WhiteElo "2291"]
[BlackElo "2189"]
[PlyCount "79"]
[EventDate "2012.??.??"]
[WhiteTeam "USV Potsdam e.V., Abt. Schach"]
[BlackTeam "SK König Tegel 1949 e.V."]

1. d4 d5 2. c4 dxc4 3. Nf3 Nf6 4. e3 Bg4 5. Bxc4 e6 6. Nc3 a6 7. O-O Nc6 8. h3
Bh5 9. a3 Bd6 10. b4 O-O 11. Bb2 e5 12. d5 Ne7 13. e4 Qd7 14. Qd3 Ng6 15. Ne2
h6 16. Nd2 Bxe2 17. Qxe2 Nf4 18. Qe3 Nh7 19. Rfe1 Rac8 20. Bf1 Qe7 21. g3 Ng6
22. Rac1 Nf6 23. Nc4 h5 24. h4 Ng4 25. Qg5 Qf6 26. Rc2 b5 27. Qxh5 Nh6 28. Ne3
Qe7 29. Nf5 Nxf5 30. exf5 Nh8 31. f6 Qxf6 32. f4 g6 33. Bxe5 Bxe5 34. Qxe5 Qb6+
35. Qe3 Qd6 36. Qc5 Qd7 37. Re7 Qg4 38. Kh2 Qf3 39. Bg2 Qxa3 40. Rxc7 1-0

[Event "Lichtenrader Herbst 2012"]
[Site "Berlin - Lichtenrade"]
[Date "2012.10.05"]
[Round "7.9"]
[White "Heerde, Thomas"]
[Black "Gaerths, Ronny"]
[Result "1/2-1/2"]
[WhiteElo "2023"]
[BlackElo "2251"]
[PlyCount "125"]
[EventDate "2012.??.??"]
[WhiteTeam "SC Weisse Dame e.V."]
[BlackTeam "SC Kreuzberg e.V."]

1. Nf3 g6 2. g3 Bg7 3. Bg2 c5 4. O-O Nc6 5. d3 e5 6. e4 Nge7 7. Nc3 O-O 8. Bg5
f6 9. Be3 d6 10. Qd2 Be6 11. Ne2 b6 12. c3 d5 13. exd5 Bxd5 14. d4 cxd4 15.
cxd4 e4 16. Ne1 f5 17. Rc1 Qd7 18. b4 Rad8 19. a3 Bf7 20. Nc2 Rfe8 21. Rfd1 Qb7
22. Bh6 Bh8 23. Bg5 Rd7 24. Qf4 Nd5 25. Qh4 Nce7 26. b5 a6 27. a4 axb5 28. axb5
Rc7 29. Ne3 Rec8 30. Nxd5 Nxd5 31. f3 Rxc1 32. Rxc1 e3 33. Rxc8+ Qxc8 34. Bh6
Bf6 35. Bg5 Bg7 36. Bf4 Qe8 37. Bf1 Qxb5 38. Nc3 Qd7 39. Nxd5 Bxd5 40. Bxe3
Bxf3 41. Qf4 Bb7 42. Bc4+ Kf8 43. d5 Bxd5 44. Bxd5 Qxd5 45. Qb8+ Kf7 46. Qxb6
h6 47. Qa7+ Kg8 48. Kf2 Kh7 49. h4 Qe4 50. Qc5 Qh1 51. Qe7 Qd1 52. Qc5 Qg4 53.
Qe7 Qc4 54. Qa7 Qe4 55. Qc7 Qd5 56. Qa7 Qe5 57. Kf3 Qf6 58. Kg2 Qd8 59. Kf3 Kh8
60. Qc5 Kh7 61. Qa7 Qd1+ 62. Kf2 f4 63. Bxf4 1/2-1/2

[Event "Lichtenrader Herbst 2012"]
[Site "Berlin - Lichtenrade"]
[Date "2012.10.05"]
[Round "7.10"]
[White "Schnabel, Ralf"]
[Black "Cremer, Jan Paul"]
[Result "0-1"]
[WhiteElo "2235"]
[BlackElo "2099"]
[PlyCount "80"]
[EventDate "2012.??.??"]
[WhiteTeam "ESV Nickelhütte Aue"]
[BlackTeam "Schachpinguine Berlin e.V."]

1. e4 c5 2. Nf3 d6 3. d4 cxd4 4. Nxd4 Nf6 5. Nc3 a6 6. Be2 e5 7. Nb3 Be7 8. Bg5
Be6 9. Bxf6 Bxf6 10. Nd5 Nd7 11. O-O O-O 12. a4 Rc8 13. c3 Nb6 14. a5 Nxd5 15.
exd5 Bf5 16. Nd2 e4 17. Nc4 Re8 18. Ra3 Rc5 19. b4 Rc7 20. Qd2 Qe7 21. Re1 Rec8
22. Ne3 Bxc3 23. Rxc3 Rxc3 24. Nxf5 Qf6 25. Ne3 Rb3 26. Nc4 Rc3 27. Ne3 Rb3 28.
Nc4 Rc3 29. Qa2 h6 30. g3 Rc7 31. Rd1 Qg5 32. Nxd6 Rc2 33. Nxe4 Qe5 34. Qxc2
Rxc2 35. Bf3 Rc4 36. Nc5 Rxb4 37. Nd7 Qd6 38. Nb6 g6 39. Rc1 Rb5 40. Nc8 Qa3
0-1

[Event "Lichtenrader Herbst 2012"]
[Site "Berlin - Lichtenrade"]
[Date "2012.10.05"]
[Round "7.11"]
[White "Christiani, Joerg"]
[Black "Niehaus, Frank"]
[Result "0-1"]
[WhiteElo "1972"]
[BlackElo "2215"]
[PlyCount "62"]
[EventDate "2012.??.??"]
[WhiteTeam "SG Grün-Weiß Dresden"]
[BlackTeam "SK König Tegel 1949 e.V."]

1. d4 Nf6 2. Bg5 Ne4 3. Bf4 c5 4. f3 Nf6 5. dxc5 b6 6. e4 bxc5 7. e5 Qc7 8. Nc3
Nc6 9. Nb5 Qb8 10. Bc4 Nh5 11. Bxf7+ Kd8 12. Bxh5 Qxb5 13. Ne2 Ba6 14. Nc3 Qxb2
15. Bd2 Nb4 16. Rb1 Qxc2 17. Qxc2 Nxc2+ 18. Kf2 Nb4 19. f4 e6 20. a3 Nd3+ 21.
Kg3 c4 22. Nb5 Bc5 23. Ba5+ Bb6 24. Bxb6+ axb6 25. Nd6 Ke7 26. Rxb6 Rhb8 27.
Rhb1 Rxb6 28. Rxb6 c3 29. Bf3 c2 30. Bxa8 c1=Q 31. Rxa6 Qxf4+ 0-1

[Event "Lichtenrader Herbst 2012"]
[Site "Berlin - Lichtenrade"]
[Date "2012.10.05"]
[Round "7.13"]
[White "Harder, Clemens"]
[Black "Gunajew, Rafal"]
[Result "1/2-1/2"]
[WhiteElo "2109"]
[BlackElo "2269"]
[PlyCount "87"]
[EventDate "2012.??.??"]
[WhiteTeam "Koenigsspr.SC.1984 e.V."]
[BlackTeam "Kksz Krakow"]

1. d4 Nf6 2. c4 c5 3. d5 b5 4. cxb5 a6 5. bxa6 g6 6. Nc3 Bxa6 7. Nf3 d6 8. e4
Bxf1 9. Kxf1 Bg7 10. h3 O-O 11. g3 Nbd7 12. Kg2 Ra6 13. Re1 Qa8 14. Re2 e6 15.
dxe6 fxe6 16. Bg5 h6 17. Bxf6 Nxf6 18. Qc2 Kh7 19. Nh4 g5 20. Nf3 Kh8 21. a3
Nd7 22. Rd1 c4 23. Nb5 Qb8 24. Nbd4 Rb6 25. Qxc4 Rxb2 26. Rxb2 Qxb2 27. Rd2
Qxa3 28. Qxe6 Ne5 29. Nxe5 dxe5 30. Nf5 Qb4 31. Qd5 Qc3 32. Ra2 h5 33. Ra8 g4
34. Rxf8+ Bxf8 35. Qf7 gxh3+ 36. Kxh3 Qa3 37. Qxh5+ Kg8 38. Qg6+ Kh8 39. Qf6+
Kh7 40. Qf7+ Kh8 41. Qf6+ Kh7 42. Qxe5 Qa7 43. Qf4 Bc5 44. Kg2 1/2-1/2

[Event "Lichtenrader Herbst 2012"]
[Site "Berlin - Lichtenrade"]
[Date "2012.10.05"]
[Round "7.14"]
[White "Hertwig, Christopher"]
[Black "Moeller, Hendrik"]
[Result "0-1"]
[WhiteElo "2074"]
[BlackElo "2259"]
[PlyCount "95"]
[EventDate "2012.??.??"]
[WhiteTeam "SK König Tegel 1949 e.V."]
[BlackTeam "SC Weisse Dame e.V."]

1. c4 e5 2. g3 Nc6 3. Nc3 Nf6 4. Bg2 Bc5 5. Nf3 d6 6. O-O O-O 7. a3 a6 8. e3
Ba7 9. Re1 Re8 10. b4 h6 11. Bb2 Bg4 12. h3 Be6 13. c5 dxc5 14. b5 Na5 15. bxa6
Bb3 16. Qb1 bxa6 17. Ne4 Nxe4 18. Qxe4 Bd5 19. Qa4 Nb3 20. e4 Be6 21. Rad1 f6
22. Bf1 Qd7 23. Qxd7 Bxd7 24. Bxa6 Bxh3 25. Bb5 Re7 26. Nh4 Be6 27. Ng6 Rf7 28.
f4 c4+ 29. Kg2 c6 30. Bxc6 Rc8 31. Bb5 Bg4 32. Rb1 Nxd2 33. Rbc1 Bf3+ 34. Kh2
Kh7 35. Nh4 Bxe4 36. Bc3 Nb3 37. Rcd1 Bc2 38. Bd7 Rc7 39. Bf5+ Bxf5 40. Nxf5
exf4 41. gxf4 Bc5 42. Re4 Bxa3 43. Ne3 Bc1 44. Nd5 f5 45. Be5 fxe4 46. Nxc7
Bxf4+ 47. Bxf4 Rxf4 48. Rd8 0-1

[Event "Lichtenrader Herbst 2012"]
[Site "Berlin - Lichtenrade"]
[Date "2012.10.05"]
[Round "7.15"]
[White "Rietze, Clemens"]
[Black "Krefenstein, Sergej"]
[Result "0-1"]
[WhiteElo "2286"]
[BlackElo "2072"]
[PlyCount "110"]
[EventDate "2012.??.??"]
[WhiteTeam "USV Potsdam e.V., Abt. Schach"]
[BlackTeam "TuS Makkabi Berlin e.V."]

1. e4 e6 2. d4 d5 3. Nc3 Nf6 4. Bg5 Bb4 5. e5 h6 6. Bc1 Ne4 7. Qg4 Kf8 8. Nge2
c5 9. a3 Ba5 10. dxc5 Nc6 11. b4 Nxe5 12. Qh3 Bc7 13. Nxe4 dxe4 14. Nc3 f5 15.
Nb5 Bb8 16. Bb2 Qf6 17. Qb3 Kg8 18. Rd1 Kh7 19. Nd6 b6 20. Bc3 e3 21. Qb2 Qh4
22. g3 exf2+ 23. Kxf2 Ng4+ 24. Ke1 Qg5 25. Bd2 Qe7 26. Bg2 Bxd6 27. cxd6 Qd7
28. Bxa8 Bb7 29. Qc3 Bxa8 30. Rf1 Rc8 31. Qd3 Be4 32. Qd4 e5 33. Qg1 Qxd6 34.
h3 Nf6 35. c3 Rd8 36. Qe3 a5 37. c4 axb4 38. axb4 Bg2 39. Rxf5 Bxh3 40. Rxe5
Kg8 41. b5 Qc7 42. Rc1 Qb8 43. Re7 Qa8 44. Ke2 Qg2+ 45. Kd1 Qf1+ 46. Kc2 Qxc4+
47. Kd1 Qf1+ 48. Kc2 Bf5+ 49. Kb2 Qxb5+ 50. Qb3+ Qxb3+ 51. Kxb3 Rxd2 52. Ka4
Rd3 53. Ra1 Bd7+ 54. Kb4 Nd5+ 55. Kc4 Bb5+ 0-1

[Event "Lichtenrader Herbst 2012"]
[Site "Berlin - Lichtenrade"]
[Date "2012.10.05"]
[Round "7.16"]
[White "Lock, Adrian"]
[Black "Rettore, Ludwig"]
[Result "1/2-1/2"]
[WhiteElo "2041"]
[BlackElo "2144"]
[PlyCount "29"]
[EventDate "2012.??.??"]
[WhiteTeam "Koenigsspr.SC.1984 e.V."]

1. e4 e5 2. Nf3 Nc6 3. Bc4 Bc5 4. d3 Nf6 5. Be3 d6 6. Nbd2 a6 7. Bb3 Bxe3 8.
fxe3 Na5 9. d4 Qe7 10. O-O O-O 11. Qe2 Nxb3 12. axb3 Bg4 13. Rae1 Rfe8 14. Qd3
Nd7 15. Qc3 1/2-1/2

[Event "Lichtenrader Herbst 2012"]
[Site "Berlin - Lichtenrade"]
[Date "2012.10.05"]
[Round "7.17"]
[White "Feikes, Joerg"]
[Black "Lerch, Philipp"]
[Result "0-1"]
[WhiteElo "2038"]
[BlackElo "2110"]
[PlyCount "68"]
[EventDate "2012.??.??"]
[WhiteTeam "vereinslos"]
[BlackTeam "SK König Tegel 1949 e.V."]

1. e4 c6 2. d4 d5 3. exd5 cxd5 4. Bd3 Nc6 5. c3 Qc7 6. Na3 a6 7. Nc2 Nf6 8. Bg5
Bg4 9. Qc1 e5 10. Ne3 Be6 11. dxe5 Nxe5 12. Bc2 Ne4 13. Bh4 g5 14. Bg3 Nxg3 15.
hxg3 O-O-O 16. Nf3 Nxf3+ 17. gxf3 Bc5 18. Kf1 h5 19. Nf5 h4 20. g4 f6 21. Nd4
Bxd4 22. cxd4 Kb8 23. Bf5 Qb6 24. Bxe6 Qxe6 25. Qe3 Qd7 26. Re1 Rhe8 27. Qd2
Rxe1+ 28. Kxe1 Re8+ 29. Kd1 Qb5 30. b3 a5 31. Re1 Rxe1+ 32. Qxe1 Qb6 33. Qe8+
Ka7 34. Qa4 h3 0-1

[Event "Lichtenrader Herbst 2012"]
[Site "Berlin - Lichtenrade"]
[Date "2012.10.05"]
[Round "7.18"]
[White "Stark, Ingo"]
[Black "Falkowski, Dawid"]
[Result "1/2-1/2"]
[WhiteElo "2174"]
[BlackElo "2020"]
[PlyCount "82"]
[EventDate "2012.??.??"]
[WhiteTeam "TSG Oberschöneweide e.V."]

1. e4 c5 2. Nf3 Nc6 3. d4 cxd4 4. Nxd4 Nf6 5. Nc3 d6 6. h3 e5 7. Nde2 Be6 8. f4
Nh5 9. Qd3 Be7 10. f5 Bd7 11. Nd5 O-O 12. g3 g6 13. Qf3 Re8 14. Bg2 Nf6 15.
Nxe7+ Qxe7 16. Bg5 Kg7 17. Qe3 d5 18. O-O d4 19. Qd2 Qb4 20. c3 dxc3 21. bxc3
Qc5+ 22. Kh1 Rad8 23. fxg6 Nxe4 24. Rxf7+ Kxg6 25. Bxe4+ Kxf7 26. Rf1+ Kg8 27.
Bd5+ Be6 28. Bxe6+ Rxe6 29. Bxd8 Rd6 30. Qg5+ Rg6 31. Qf5 Nxd8 32. g4 Kg7 33.
Ng3 Qd5+ 34. Kh2 Kh8 35. Rf2 Nc6 36. Nh5 Qd6 37. Qf7 Nd8 38. Qf5 Ne6 39. Qf7
Nd8 40. Qf5 Ne6 41. Re2 e4+ 1/2-1/2

[Event "Lichtenrader Herbst 2012"]
[Site "Berlin - Lichtenrade"]
[Date "2012.10.05"]
[Round "7.19"]
[White "Noetzel, Felix"]
[Black "Schnoor, Ekkehard"]
[Result "0-1"]
[WhiteElo "2108"]
[BlackElo "2021"]
[PlyCount "51"]
[EventDate "2012.??.??"]
[WhiteTeam "Berlin 1903 Sfrd."]
[BlackTeam "SG Grün-Weiß Dresden"]

1. e4 c5 2. Nf3 d6 3. d4 cxd4 4. Nxd4 Nf6 5. Nc3 a6 6. Be3 e5 7. Nb3 Be6 8. f3
Be7 9. Qd2 O-O 10. O-O-O Nbd7 11. Qf2 b5 12. g4 Bxg4 13. Rg1 Bh5 14. Bh3 Rb8
15. Qg2 Bg6 16. Bf5 Kh8 17. h4 Rg8 18. Bh3 Nb6 19. Kb1 Nc4 20. Bc1 a5 21. Bg4
h6 22. h5 Bh7 23. Qe2 Qc7 24. Nd5 Nxd5 25. Rxd5 Qb6 26. Bd7 0-1

[Event "Lichtenrader Herbst 2012"]
[Site "Berlin - Lichtenrade"]
[Date "2012.10.05"]
[Round "7.20"]
[White "Gebigke, Martin"]
[Black "Ziems, Michael"]
[Result "1-0"]
[WhiteElo "2137"]
[BlackElo "1829"]
[PlyCount "33"]
[EventDate "2012.??.??"]
[WhiteTeam "SV Berolina Mitte e.V."]
[BlackTeam "SV Empor Berlin e.V."]

1. e4 c5 2. Nf3 Nc6 3. d4 cxd4 4. Nxd4 e6 5. Nc3 a6 6. Be3 Bb4 7. Bd3 d5 8. O-O
Nf6 9. exd5 Bxc3 10. dxc6 Bxd4 11. Bxd4 bxc6 12. Bc5 Qd5 13. b4 Nd7 14. c4 Qg5
15. Bd6 Nf6 16. f4 Qg4 17. Be2 1-0

[Event "Lichtenrader Herbst 2012"]
[Site "Berlin - Lichtenrade"]
[Date "2012.10.05"]
[Round "7.81"]
[White "Dimitrijeski, Kristian"]
[Black "Kulpinski, Piotr"]
[Result "1-0"]
[WhiteElo "2150"]
[BlackElo "2010"]
[PlyCount "81"]
[EventDate "2012.??.??"]
[WhiteTeam "SK König Tegel 1949 e.V."]

1. d4 d5 2. c4 c6 3. Nf3 Nf6 4. Nc3 e6 5. Bg5 h6 6. Bxf6 Qxf6 7. e3 g6 8. Qc2
Bg7 9. cxd5 exd5 10. Nxd5 Qd8 11. Nc3 Be6 12. Bd3 O-O 13. O-O Nd7 14. h3 Nb6
15. a3 Rc8 16. Ne4 Rc7 17. Rac1 f5 18. Nc5 Bd5 19. Qe2 Re7 20. Bc2 Kh8 21. Bb3
g5 22. Bxd5 Nxd5 23. Ne5 Bxe5 24. dxe5 Rxe5 25. Nxb7 Qb6 26. Nd6 Qc7 27. Nb5
Qb6 28. Nd6 Qc7 29. Nc4 Re6 30. Qd3 g4 31. hxg4 fxg4 32. Qd4+ Kh7 33. Qxg4 Rg6
34. Qe4 Nf6 35. Qe5 Qc8 36. Qh2 Rfg8 37. g3 Rg5 38. Nd2 Nh5 39. Ne4 Nxg3 40.
Nxg5+ Rxg5 41. fxg3 1-0

[Event "Lichtenrader Herbst 2012"]
[Site "Berlin - Lichtenrade"]
[Date "2012.10.05"]
[Round "7.82"]
[White "Mackowiak, Marek"]
[Black "Brunner, Karl"]
[Result "1-0"]
[WhiteElo "2160"]
[BlackElo "2029"]
[PlyCount "137"]
[EventDate "2012.??.??"]

1. Nf3 Nf6 2. g3 d5 3. Bg2 e6 4. d4 Bd6 5. O-O Nbd7 6. b3 O-O 7. c4 b6 8. cxd5
exd5 9. Nc3 a6 10. Nd2 Bb7 11. e4 Bb4 12. Nxd5 Nxd5 13. exd5 Bc3 14. Rb1 Bxd4
15. Ne4 Bf6 16. d6 Bxe4 17. Bxe4 Ra7 18. dxc7 Qxc7 19. Bf4 Be5 20. Rc1 Qb8 21.
Be3 Nf6 22. Bf3 Rd7 23. Qe2 b5 24. Rc6 Rd6 25. Rfc1 Rfd8 26. R1c5 Rxc6 27. Rxc6
Rd6 28. Ba7 Qe8 29. Rc1 Re6 30. Qd2 h6 31. Be3 Qb8 32. Rc2 Kh7 33. Rc5 Qd6 34.
Qc2+ g6 35. Rc8 b4 36. Ra8 Bc3 37. Bf4 Qc5 38. Qd3 Bd4 39. Kg2 Nd5 40. Bd2 Rd6
41. Qe4 Nf6 42. Qb7 Nd7 43. Rc8 Qb6 44. Qxb6 Nxb6 45. Rc7 Bc3 46. Bxc3 bxc3 47.
Rxc3 Nd5 48. Rc5 Nb4 49. a3 Nd3 50. Rd5 Rxd5 51. Bxd5 Ne1+ 52. Kf1 Nc2 53. a4
f5 54. Ke2 Nb4 55. Bc4 a5 56. Ke3 Nc6 57. Bb5 Ne5 58. h3 g5 59. Kd4 Nf3+ 60.
Kc5 Nd2 61. b4 Ne4+ 62. Kc4 axb4 63. a5 Kg6 64. a6 b3 65. Kxb3 Nc5+ 66. Kc4
Nxa6 67. Bxa6 Kf6 68. Kd4 Ke6 69. Bc8+ 1-0

[Event "Lichtenrader Herbst 2012"]
[Site "Berlin - Lichtenrade"]
[Date "2012.10.06"]
[Round "8.1"]
[White "Kalinitschew, Sergey"]
[Black "Danin, Alexandre"]
[Result "1/2-1/2"]
[WhiteElo "2469"]
[BlackElo "2568"]
[PlyCount "20"]
[EventDate "2012.??.??"]
[WhiteTeam "SC Kreuzberg e.V."]
[BlackTeam "SC Tornado Wuppertal 199"]

1. d4 Nf6 2. c4 g6 3. Nc3 d5 4. cxd5 Nxd5 5. e4 Nxc3 6. bxc3 Bg7 7. Be3 c5 8.
Qd2 cxd4 9. cxd4 Nc6 10. Bb5 O-O 1/2-1/2

[Event "Lichtenrader Herbst 2012"]
[Site "Berlin - Lichtenrade"]
[Date "2012.10.06"]
[Round "8.2"]
[White "Gruzmann, Boris"]
[Black "Meister, Jakob"]
[Result "0-1"]
[WhiteElo "2303"]
[BlackElo "2484"]
[PlyCount "126"]
[EventDate "2012.??.??"]
[WhiteTeam "Lasker Steglitz-Wilmersd. SG"]
[BlackTeam "SK Zehlendorf e.V."]

1. e4 c6 2. d4 d5 3. e5 Na6 4. Nd2 Nc7 5. Bd3 g6 6. c3 Bf5 7. Bxf5 gxf5 8. Nh3
Qd7 9. Qh5 e6 10. Nf3 h6 11. Bg5 Ne7 12. Bf6 Rg8 13. Nh4 Ng6 14. O-O Be7 15.
Nxg6 Bxf6 16. Ngf4 Bg5 17. Nd3 Na6 18. f4 Be7 19. Qxh6 O-O-O 20. Qh5 Rh8 21.
Qe2 Rdg8 22. Rf3 c5 23. a4 Kb8 24. Rg3 Qd8 25. Rxg8 Qxg8 26. Kh1 Ka8 27. dxc5
Nxc5 28. Nxc5 Bxc5 29. b4 Be7 30. a5 Qc8 31. Qd3 Qc7 32. Ng1 a6 33. b5 axb5 34.
a6 Qc4 35. Qxc4 bxc4 36. axb7+ Kxb7 37. Nf3 Bc5 38. Ng5 Rf8 39. g3 Kb6 40. Kg2
d4 41. Rb1+ Kc6 42. cxd4 Ba3 43. Ra1 Bb2 44. Ra5 Bxd4 45. Kf1 Rb8 46. Nf3 Bc5
47. Ra2 Rb1+ 48. Ke2 Kb5 49. Rc2 Rh1 50. Rb2+ Bb4 51. Ra2 c3 52. Kd3 Rd1+ 53.
Ke2 Rd8 54. Ne1 Kc4 55. Ra7 Rd2+ 56. Kf1 Bc5 57. Rc7 c2 58. Nxc2 Rxc2 59. h4
Kd5 60. Rxf7 Ke4 61. Ke1 Be3 62. Kd1 Rd2+ 63. Ke1 Kf3 0-1

[Event "Lichtenrader Herbst 2012"]
[Site "Berlin - Lichtenrade"]
[Date "2012.10.06"]
[Round "8.3"]
[White "Stern, Rene"]
[Black "Hansen, Torbjorn Ringdal"]
[Result "1/2-1/2"]
[WhiteElo "2517"]
[BlackElo "2458"]
[PlyCount "133"]
[EventDate "2012.??.??"]
[WhiteTeam "SK König Tegel 1949 e.V."]

1. d4 Nf6 2. c4 g6 3. Nc3 Bg7 4. e4 d6 5. Nf3 O-O 6. Be2 e5 7. O-O Nc6 8. d5
Ne7 9. Ne1 Nd7 10. f3 f5 11. g4 Nf6 12. Nd3 c5 13. Be3 f4 14. Bf2 g5 15. h3 h5
16. Kg2 Ng6 17. Rh1 Rf7 18. Kf1 Bf8 19. Ke1 Rh7 20. Kd2 Bd7 21. b4 cxb4 22.
Nxb4 Qa5 23. Qb3 Be8 24. Nc2 hxg4 25. hxg4 Nh4 26. Qb4 Qd8 27. Rab1 b6 28. Qa3
Nd7 29. Nb4 Nc5 30. Nd3 Nxd3 31. Kxd3 Rc7 32. Rhc1 Be7 33. Kd2 Ng6 34. Qb4 Nf8
35. a4 Rcc8 36. Ra1 Nd7 37. a5 Nc5 38. axb6 axb6 39. Rxa8 Rxa8 40. Rb1 Ra6 41.
Rb2 Qa8 42. Bxc5 bxc5 43. Qb8 Bd8 44. Kd3 Ba5 45. Qxa8 Rxa8 46. Ra2 Ra7 47. Bd1
Kf8 48. Bb3 Bb6 49. Rxa7 Bxa7 50. Ba4 Bg6 51. Bc6 Ke7 52. Ne2 Bb6 53. Nc1 Ba5
54. Kc2 Kd8 55. Nd3 Kc7 56. Kd1 Kb8 57. Nf2 Ka7 58. Nh3 Bd8 59. Kc2 Kb6 60. Kb3
Ka5 61. Ka3 Be7 62. Nf2 Bd8 63. Nd3 Be7 64. Nc1 Bd8 65. Nb3+ Kb6 66. Ka4 Be7
67. Nd2 1/2-1/2

[Event "Lichtenrader Herbst 2012"]
[Site "Berlin - Lichtenrade"]
[Date "2012.10.06"]
[Round "8.4"]
[White "Romanishin, Oleg M"]
[Black "Stachanczyk, Jacek"]
[Result "1-0"]
[WhiteElo "2526"]
[BlackElo "2247"]
[PlyCount "59"]
[EventDate "2012.??.??"]

1. d4 d5 2. Nf3 Nf6 3. c4 c6 4. Nc3 dxc4 5. a4 Bf5 6. e3 e6 7. Bxc4 Bb4 8. O-O
O-O 9. h3 Nbd7 10. Nh4 Nb6 11. Bb3 Nbd5 12. Qf3 Nxc3 13. Nxf5 Ne2+ 14. Qxe2
exf5 15. Qf3 Qd7 16. Bc2 g6 17. g4 Ne4 18. gxf5 gxf5 19. Bxe4 fxe4 20. Qxe4
Qxh3 21. Qg2+ Qxg2+ 22. Kxg2 Rad8 23. Kf3 f5 24. b3 Bc3 25. Ra2 f4 26. Rg1+ Kh8
27. Ba3 Rf7 28. Ke4 fxe3 29. fxe3 a5 30. Rag2 1-0

[Event "Lichtenrader Herbst 2012"]
[Site "Berlin - Lichtenrade"]
[Date "2012.10.06"]
[Round "8.5"]
[White "Wendt, Jan-Dietrich"]
[Black "Niehaus, Frank"]
[Result "1/2-1/2"]
[WhiteElo "2362"]
[BlackElo "2215"]
[PlyCount "28"]
[EventDate "2012.??.??"]
[WhiteTeam "Sfrd. Berlin 1903 e.V."]
[BlackTeam "SK König Tegel 1949 e.V."]

1. Nf3 Nf6 2. g3 g6 3. b3 Bg7 4. Bb2 c5 5. c4 d6 6. Bg2 e5 7. O-O O-O 8. d3 Nc6
9. Nc3 h6 10. Nd2 Be6 11. Nd5 Qd7 12. e3 Bxd5 13. cxd5 Nb4 14. e4 Nxd3 1/2-1/2

[Event "Lichtenrader Herbst 2012"]
[Site "Berlin - Lichtenrade"]
[Date "2012.10.06"]
[Round "8.6"]
[White "Cremer, Jan Paul"]
[Black "Bruedigam, Martin"]
[Result "1-0"]
[WhiteElo "2099"]
[BlackElo "2291"]
[PlyCount "115"]
[EventDate "2012.??.??"]
[WhiteTeam "Schachpinguine Berlin e.V."]
[BlackTeam "USV Potsdam e.V., Abt. Schach"]

1. e4 e5 2. Nf3 Nc6 3. Bb5 a6 4. Ba4 Nf6 5. O-O Be7 6. Re1 b5 7. Bb3 O-O 8. h3
Bb7 9. d3 d6 10. c3 Nb8 11. Be3 Nbd7 12. Nbd2 h6 13. Nf1 Re8 14. Ng3 Bf8 15. a4
d5 16. exd5 Nxd5 17. Bd2 c5 18. c4 bxc4 19. Bxc4 Qb6 20. a5 Qc6 21. Ne4 g6 22.
Rc1 Bg7 23. b4 Kh7 24. bxc5 Bf8 25. Qb3 f5 26. Bxd5 Qxd5 27. Qxd5 Bxd5 28. c6
fxe4 29. cxd7 Red8 30. dxe4 Be6 31. Nxe5 Bg7 32. Rc6 Bb3 33. Nc4 Ba4 34. Rc7
Rxd7 35. Rxd7 Bxd7 36. Nb6 Rd8 37. Nxd7 Rxd7 38. Re2 g5 39. g3 Kg6 40. f4 Rd3
41. Kg2 gxf4 42. gxf4 h5 43. Be1 Bh6 44. f5+ Kf6 45. e5+ Kxf5 46. e6 Rd8 47. e7
Re8 48. Bb4 Bg5 49. Kf3 Bf6 50. Re4 Bg5 51. Rc4 Bxe7 52. Re4 Kf6 53. Bxe7+ Rxe7
54. Rxe7 Kxe7 55. Kf4 Kf6 56. h4 Kg6 57. Ke5 Kg7 58. Kf5 1-0

[Event "Lichtenrader Herbst 2012"]
[Site "Berlin - Lichtenrade"]
[Date "2012.10.06"]
[Round "8.8"]
[White "Von Herman, Ulf"]
[Black "Harder, Clemens"]
[Result "0-1"]
[WhiteElo "2416"]
[BlackElo "2109"]
[PlyCount "70"]
[EventDate "2012.??.??"]
[WhiteTeam "SK König Tegel 1949 e.V."]
[BlackTeam "Koenigsspr.SC.1984 e.V."]

1. c4 c6 2. e4 d5 3. exd5 cxd5 4. d4 Nf6 5. Nc3 e6 6. Nf3 Bb4 7. Bd3 O-O 8. O-O
b6 9. cxd5 exd5 10. Bg5 Bxc3 11. bxc3 Ba6 12. Bxa6 Nxa6 13. Ne5 Nc7 14. Bxf6
gxf6 15. Ng4 Kh8 16. Qf3 Ne8 17. Rfe1 Rg8 18. Nh6 Rg7 19. Nf5 Rg5 20. h4 Rg6
21. Ne7 Rg7 22. Re3 Nc7 23. Qxf6 Ne8 24. Qf5 Nc7 25. Qf6 Ne8 26. Qe5 Nc7 27.
Rg3 f6 28. Qxf6 Qxe7 29. Qxg7+ Qxg7 30. Rxg7 Kxg7 31. a4 Re8 32. Kf1 Re6 33.
Ra3 b5 34. axb5 Nxb5 35. Rb3 a6 0-1